| 000 | 01110cam a2200337 4500 | ||
|---|---|---|---|
| 001 | 01686025X | ||
| 003 | DE-627 | ||
| 005 | 20211002164226.0 | ||
| 007 | tu | ||
| 008 | 881130s1988 ru ||||| 00| ||rus c | ||
| 020 |
_a5020000477 _95-02-000047-7 |
||
| 035 | _a(DE-627)01686025X | ||
| 035 | _a(DE-576)077533267 | ||
| 035 | _a(DE-599)GBV01686025X | ||
| 035 | _a(OCoLC)18424966 | ||
| 035 | _a(OCoLC)185608963 | ||
| 040 |
_aDE-627 _bger _cDE-627 |
||
| 041 | _arus | ||
| 245 | 1 | 0 |
_aVospominanija ob Igore Vasilʹeviče Kurčatove _cotv. red. A. P. Aleksandrov |
| 264 | 1 |
_aMoskva _bNauka _c1988 |
|
| 300 |
_a494 Seiten _bIllustrationen |
||
| 336 |
_aText _btxt _2rdacontent |
||
| 337 |
_aohne Hilfsmittel zu benutzen _bn _2rdamedia |
||
| 338 |
_aBand _bnc _2rdacarrier |
||
| 490 | 0 | _aUčenye SSSR. Očerki, vospominanija, materialy | |
| 600 | _a Kurčatov, Igor' Vasil'evič | ||
| 700 | 1 |
_aAleksandrov, Anatolij P. _eHrsg. _4edt |
|
| 710 | 2 |
_aAkademija Nauk SSSR _gMoskau _bOtdelenie Jadernoj Fiziki _0(DE-588)5073220-1 _0(DE-627)121371735 _0(DE-576)194335518 _4oth |
|
| 942 |
_2z _cMG |
||
| 999 |
_c56913 _d56913 |
||